Practical corporate planning /
Guardado en:
| Autor principal: | |
|---|---|
| Formato: | Libro |
| Publicado: |
London ; Boston :
G. Allen & Unwin,
1980.
|
| Materias: | |
| Etiquetas: |
Agregar Etiqueta
Sin Etiquetas, Sea el primero en etiquetar este registro!
|
MARC
| LEADER | 00000cam a2200000 i 4500 | ||
|---|---|---|---|
| 020 | |a 0046582304 | ||
| 020 | |a 0046582312 | ||
| 040 | |a MUL |b eng |e AACR | ||
| 082 | 0 | 0 | |a 658.401 ARG |
| 100 | 1 | |a Argenti, John. | |
| 245 | 1 | 0 | |a Practical corporate planning / |c John Argenti. |
| 260 | |a London ; |a Boston : |b G. Allen & Unwin, |c 1980. | ||
| 300 | |a viii, 221 p. : |b ill. ; |c 22 cm. | ||
| 504 | |a Includes bibliography: p. [218] index. | ||
| 650 | 0 | |a Business planning. | |
| 650 | 0 | |a Small business | |
| 942 | |c BK | ||
| 999 | |c 5473 |d 5473 | ||